000 00843nam a2200265 4500
003 OSt
005 20240614003358.0
006 a
008 240614b |||||||| |||| 00| 0 eng d
020 _a9781606230756
040 _aDWCL-Main lib.
_cOC
082 _2Second edition
_aCirc. 372.4 D858e 2009
100 _aDuffy, Gerald G
245 _aExplaining reading : a resource for teaching concepts, skills and strategies /
250 _aSecond edition
260 _aNew York :
_bThe Guilford Press,
_cc2009.
300 _axii,
_b244 p. ;
_c23 cm.
490 _3Solving problems in the teaching of literacy
504 _aIncludes appendix & index.
650 _a1. Reading.
650 _a2. Reading–Remedial teaching.
650 _a3. Vocabulary.
700 _aGerald G. Duffy
942 _2ddc
_n0
_cBK-CIRC
_eSecond edition
_kCirc.
999 _c653
_d653